<?xml version="1.0" encoding="UTF-8"?>
<record
    xmlns:xsi="http://www.w3.org/2001/XMLSchema-instance"
    xsi:schemaLocation="http://www.loc.gov/MARC21/slim http://www.loc.gov/standards/marcxml/schema/MARC21slim.xsd"
    xmlns="http://www.loc.gov/MARC21/slim">

  <leader>01560nam a2200217 a 4500</leader>
  <controlfield tag="001">000030662</controlfield>
  <controlfield tag="005">20200930062433.0</controlfield>
  <controlfield tag="008">110525s1992    dr a          000 0 spa d</controlfield>
  <datafield tag="040" ind1=" " ind2=" ">
    <subfield code="a">DO-SdBNP</subfield>
    <subfield code="b">spa</subfield>
    <subfield code="c">BNPHU</subfield>
  </datafield>
  <datafield tag="082" ind1=" " ind2=" ">
    <subfield code="a">xxxx</subfield>
    <subfield code="b">S471f</subfield>
  </datafield>
  <datafield tag="111" ind1="2" ind2=" ">
    <subfield code="a">Seminario Grandes Figuras de la Evangelizaci&#xF3;n de Am&#xE9;rica, Fray Francisco de Victoria</subfield>
    <subfield code="n">(4a. :</subfield>
    <subfield code="d">1989, dic. 9</subfield>
    <subfield code="c">Santo Domingo)</subfield>
    <subfield code="9">57250</subfield>
  </datafield>
  <datafield tag="245" ind1="1" ind2="0">
    <subfield code="a">Fray Francisco de Victoria.</subfield>
  </datafield>
  <datafield tag="260" ind1=" " ind2=" ">
    <subfield code="a">Santo Domingo :</subfield>
    <subfield code="b">Comisi&#xF3;n Dominicana Permanente para la Celebraci&#xF3;n del Quinto Centenario del Descubrimiento y Evangelizaci&#xF3;n de Am&#xE9;rica.,</subfield>
    <subfield code="c">1992.</subfield>
  </datafield>
  <datafield tag="300" ind1=" " ind2=" ">
    <subfield code="a">127 p. :</subfield>
    <subfield code="b">il. ;</subfield>
    <subfield code="c">21 cm.</subfield>
  </datafield>
  <datafield tag="490" ind1="1" ind2=" ">
    <subfield code="a">Quinto Centenario</subfield>
  </datafield>
  <datafield tag="490" ind1="1" ind2=" ">
    <subfield code="a">Conferencia</subfield>
    <subfield code="v">no. 6</subfield>
  </datafield>
  <datafield tag="505" ind1="0" ind2=" ">
    <subfield code="t">Programa --</subfield>
    <subfield code="t">Ponencia 1. Francisco de Victoria: el hombre, sus circunstancias y su obra/</subfield>
    <subfield code="r">Fern&#xE1;ndo P&#xE9;rez Mem&#xE9;n --</subfield>
    <subfield code="t">Ponencia 2. El padre Victoria y el derecho de gentes. Pol&#xE9;micas con Juan Gines de Sep&#xFA;lveda. Las casas, Gines de Sep&#xFA;lveda, Vitoria y el debate sobre la conquista de Am&#xE9;rica/</subfield>
    <subfield code="r">Francisco Antonio Avelino Garc&#xED;a. --</subfield>
    <subfield code="t">Preguntas y comentarios en torno a las ponencias 1 y 2 --</subfield>
    <subfield code="t">Ponencia 3. Repercusiones y aplicaciones del derechoi de gentes. El Indio como sujeto de derecho en Francisco de Vitoria/</subfield>
    <subfield code="r">Padre Ram&#xF3;n Alejandro Alonso.</subfield>
    <subfield code="t">Ponencia 4. El derecho de gentes en la Declaraci&#xF3;n Universal de los Derechos Humanos y en el Derecho Internacional P&#xFA;blico/</subfield>
    <subfield code="r">Luis Arias --</subfield>
    <subfield code="t">Preguntas y comentarios en torno a las ponencias 3 y 4.</subfield>
  </datafield>
  <datafield tag="830" ind1=" " ind2="0">
    <subfield code="a">Quinto Centenario</subfield>
    <subfield code="9">16591</subfield>
  </datafield>
  <datafield tag="830" ind1=" " ind2="0">
    <subfield code="a">Conferencia</subfield>
    <subfield code="v">no. 6</subfield>
    <subfield code="9">1181</subfield>
  </datafield>
  <datafield tag="049" ind1=" " ind2=" ">
    <subfield code="a">BNPD</subfield>
  </datafield>
  <datafield tag="952" ind1=" " ind2=" ">
    <subfield code="0">0</subfield>
    <subfield code="1">0</subfield>
    <subfield code="7">1</subfield>
    <subfield code="8">PD</subfield>
    <subfield code="a">PD</subfield>
    <subfield code="b">PD</subfield>
    <subfield code="c">CT</subfield>
    <subfield code="d">2011-05-25</subfield>
    <subfield code="i">LF1</subfield>
    <subfield code="l">0</subfield>
    <subfield code="o">xxxx S471f</subfield>
    <subfield code="p">30662-10</subfield>
    <subfield code="r">2020-06-25</subfield>
    <subfield code="w">2020-06-25</subfield>
    <subfield code="y">LFPD</subfield>
    <subfield code="Z">No se presta</subfield>
  </datafield>
  <datafield tag="999" ind1=" " ind2=" ">
    <subfield code="c">30154</subfield>
    <subfield code="d">30154</subfield>
  </datafield>
</record>
